00827nam a2200265Ia 45000010006000000050017000060070003000230080041000260200007000670400025000740410008000990820019001071000025001262450064001512500014002152600075002293000028003046530018003326530018003506530019003686530016003879420012004039520129004159990017005441153620240113235315.0ta050812s1958 a g b000 u asm u cHB aCotton College,Assam aasm a954.1bB 469 K aBhuyan, Surya Kumar. 0aKamrupar Buranji /cSuryya Kumar Bhuyan.hTextual Documents a2nd ed. / aGovt. of Assam :bDept. of Historical and Antiquarian Studies ,c1958. a137p. :bill. ;c22cm . aAssam-History aHistory-Assam aHistory-Kamrup aMS-Assamese 2ddccBK 001040708Circulation (MS)aSKBLbSKBLd2012-02-01f00000l0o954.1 B 469 Kp43361r2024-01-13 00:00:00t1w2012-02-01yBK c11523d11523